Interior Design & Decoration / (Record no. 8932)
[ view plain ]
| 000 -LEADER | |
|---|---|
| fixed length control field | 01336nac a22003371u 4500 |
| 008 - FIXED-LENGTH DATA ELEMENTS--GENERAL INFORMATION | |
| fixed length control field | 130407b xxu||||| |||| 00| 0 eng d |
| 010 ## - LIBRARY OF CONGRESS CONTROL NUMBER | |
| LC control number | 2006019572 |
| 020 ## - INTERNATIONAL STANDARD BOOK NUMBER | |
| International Standard Book Number | 0131944045 |
| 020 ## - INTERNATIONAL STANDARD BOOK NUMBER | |
| International Standard Book Number | 9780131944046 |
| 020 ## - INTERNATIONAL STANDARD BOOK NUMBER | |
| International Standard Book Number | 0132241420 |
| 020 ## - INTERNATIONAL STANDARD BOOK NUMBER | |
| International Standard Book Number | 9780132241427 |
| 035 ## - SYSTEM CONTROL NUMBER | |
| System control number | (OCoLC)ocm70122541 |
| 035 ## - SYSTEM CONTROL NUMBER | |
| System control number | (OCoLC)70122541 |
| 082 00 - DEWEY DECIMAL CLASSIFICATION NUMBER | |
| Classification number | 747 |
| Item number | ABE |
| 100 ## - MAIN ENTRY--PERSONAL NAME | |
| Personal name | Abercrombie, Stanley |
| 9 (RLIN) | 33043 |
| 245 10 - TITLE STATEMENT | |
| Title | Interior Design & Decoration / |
| Statement of responsibility, etc | Stanley Abercrombie, Sherrill Whiton. |
| 246 3# - VARYING FORM OF TITLE | |
| Title proper/short title | Interior design and decoration |
| 250 ## - EDITION STATEMENT | |
| Edition statement | 6th ed. |
| 260 ## - PUBLICATION, DISTRIBUTION, ETC. (IMPRINT) | |
| Place of publication, distribution, etc | Upper Saddle River, N.J. : |
| Name of publisher, distributor, etc | Pearson Prentice Hall, |
| Date of publication, distribution, etc | c2007. |
| 300 ## - PHYSICAL DESCRIPTION | |
| Extent | xxi, 697 p. : |
| Other physical details | ill. (chiefly col.), col. maps ; |
| Dimensions | 29 cm. |
| 500 ## - GENERAL NOTE | |
| General note | Rev. ed. of: Interior design & decoration / Sherrill Whiton, Stanley Abercrombie. c2002. |
| 500 ## - GENERAL NOTE | |
| General note | Distributer: Bacca |
| 504 ## - BIBLIOGRAPHY, ETC. NOTE | |
| Bibliography, etc | Includes bibliographical references and index. |
| 511 ## - PARTICIPANT OR PERFORMER NOTE | |
| Participant or performer note | Catalogued by: Sara |
| 650 #0 - SUBJECT ADDED ENTRY--TOPICAL TERM | |
| Topical term or geographic name as entry element | Interior decoration. |
| 9 (RLIN) | 33044 |
| 650 #0 - SUBJECT ADDED ENTRY--TOPICAL TERM | |
| Topical term or geographic name as entry element | Decoration and ornament. |
| 9 (RLIN) | 33045 |
| 700 1# - ADDED ENTRY--PERSONAL NAME | |
| Personal name | Whiton, Augustus Sherrill, |
| Dates associated with a name | 1887-1961. |
| 9 (RLIN) | 33046 |
| 856 41 - ELECTRONIC LOCATION AND ACCESS | |
| Materials specified | Table of contents only |
| Uniform Resource Identifier | <a href="http://www.loc.gov/catdir/toc/ecip0615/2006019572.html">http://www.loc.gov/catdir/toc/ecip0615/2006019572.html</a> |
| 856 41 - ELECTRONIC LOCATION AND ACCESS | |
| Materials specified | Contributor biographical information |
| Uniform Resource Identifier | <a href="http://www.loc.gov/catdir/enhancements/fy0721/2006019572-b.html">http://www.loc.gov/catdir/enhancements/fy0721/2006019572-b.html</a> |
| 942 ## - ADDED ENTRY ELEMENTS (KOHA) | |
| Item type | Book - Borrowing |
| Call number prefix | 747ABE |
| Source of classification or shelving scheme | Dewey Decimal Classification |
| Withdrawn status | Item status | Damaged status | Not for loan | Home library | Current library | Shelving location | Date acquired | Source of acquisition | Total Checkouts | Total Renewals | Full call number | Barcode | Checked out | Date last seen | Date last borrowed | Koha item type |
|---|---|---|---|---|---|---|---|---|---|---|---|---|---|---|---|---|
| Central Library | Central Library | Second Floor | 31/03/2008 | Purchase | 3 | 2 | 747ABE | 000010797 | 22/05/2019 | 01/12/2014 | 01/12/2014 | Book - Borrowing |